000 00554nam a22001937a 4500
003 OSt
008 250930b |||||||| |||| 00| 0 eng d
020 _a978817754432
082 _a631.4068
_bS77M
100 _aSrivastava, V. C.
245 _aManagement of Problem Soils : principles and practices /
_cby V. C. Srivastava
260 _a.- Jodhpur
_b: Agrobios
_c, 2025
300 _a108p.
650 _aTechnology (Applied Sciences)
650 _aAgriculture and Related Technologies
650 _aSoils
650 _aManagement
942 _2ddc
_cBK
999 _c48988
_d48988